[Event "EU-chT Seniors 05th"]
[Site "Dresden"]
[Date "2003.02.27"]
[Round "5.2"]
[White "Walke, Guenter"]
[Black "Jaeger, Erich"]
[Result "0-1"]
[WhiteElo "1748"]
[BlackElo "2219"]
[PlyCount "50"]
[EventDate "2003.02.23"]
[EventType "team-swiss"]
[EventRounds "7"]
[EventCountry "GER"]
[SourceTitle "EXT 2005"]
[Source "ChessBase"]
[SourceDate "2004.11.15"]
[SourceVersion "1"]
[SourceVersionDate "2004.11.15"]
[SourceQuality "1"]

1. d4 Nf6 2. e3 d6 3. f4 g6 4. Nf3 Bg7 5. Bd3 0-0 6. 0-0 Nbd7 7. c3 c5 8. Nbd2 Qc7 9. f5 e5 10. fxe6 fxe6 11. Kh1 Nb6 12. Ne4 Nxe4 13. Bxe4 Nd7 14. Bd2 Nf6 15. Bc2 Bd7 16. Rc1 Bb5 17. Re1 Ng4 18. Kg1 d5 19. g3 Rf6 20. e4 Raf8 21. Bf4 Rxf4 22. gxf4 Qxf4 23. Kg2 Ne3+ 24. Rxe3 Qxe3 25. a4 Be2 0-1

[Event "EU-chT Seniors 05th"]
[Site "Dresden"]
[Date "2003.02.24"]
[Round "2.2"]
[White "Farrand, Julian"]
[Black "Walke, Guenter"]
[Result "1-0"]
[WhiteElo "2002"]
[BlackElo "1748"]
[PlyCount "31"]
[EventDate "2003.02.23"]
[EventType "team-swiss"]
[EventRounds "7"]
[EventCountry "GER"]
[SourceTitle "EXT 2005"]
[Source "ChessBase"]
[SourceDate "2004.11.15"]
[SourceVersion "1"]
[SourceVersionDate "2004.11.15"]
[SourceQuality "1"]

1. d4 d5 2. Nc3 e6 3. e4 dxe4 4. Nxe4 Nf6 5. Bg5 Be7 6. Bxf6 Bxf6 7. Nf3 Nd7 8. Bd3 0-0 9. Qe2 Be7 10. 0-0-0 h6 11. h4 c5 12. Nxc5 Nxc5 13. dxc5 Qa5 14. Kb1 Bxc5 15. Ne5 b5 16. Qe4 1-0

[Event "EU-chT Seniors 04th"]
[Site "Dresden"]
[Date "2002.02.28"]
[Round "5.1"]
[White "Wunderer, Eckart"]
[Black "Walke, Guenter"]
[Result "1-0"]
[WhiteElo "2190"]
[BlackElo "1773"]
[PlyCount "45"]
[EventDate "2002.02.25"]
[EventType "team-swiss"]
[EventRounds "7"]
[EventCountry "GER"]
[SourceTitle "EXT 2005"]
[Source "ChessBase"]
[SourceDate "2004.11.15"]
[SourceVersion "1"]
[SourceVersionDate "2004.11.15"]
[SourceQuality "1"]

1. e4 d5 2. Nc3 dxe4 3. Nxe4 e5 4. Bc4 h6 5. Nf3 Bg4 6. Bxf7+ Ke7 7. Bb3 Nc6 8. c3 Nf6 9. Qe2 Qe8 10. Ng3 Rd8 11. h3 Bxf3 12. Qxf3 Qg6 13. 0-0 Kd7 14. d4 exd4 15. cxd4 Kc8 16. d5 Na5 17. Bf4 Bd6 18. Rfc1 Rhf8 19. Bxd6 Rxd6 20. Qc3 Qf7 21. Qxa5 Ng4 22. hxg4 Qxf2+ 23. Kh2 1-0

[Event "Bad Woerishofen op 17th"]
[Site "Bad Woerishofen"]
[Date "2001.??.??"]
[Round "6"]
[White "Walke, Guenter"]
[Black "Schmidt, Volker"]
[Result "1/2-1/2"]
[WhiteElo "1747"]
[BlackElo "2000"]
[PlyCount "41"]
[EventDate "2001.03.15"]
[EventType "swiss"]
[EventRounds "9"]
[EventCountry "GER"]
[SourceTitle "CBM 081 Extra"]
[Source "ChessBase"]
[SourceDate "2001.05.06"]
[SourceVersion "1"]
[SourceVersionDate "2001.05.06"]
[SourceQuality "1"]

1. d4 Nf6 2. e3 d5 3. Bd3 g6 4. f4 c5 5. c3 cxd4 6. exd4 Bg7 7. Nf3 Bg4 8. 0-0 Qc8 9. Nbd2 Bf5 10. Bb5+ Nc6 11. Ne5 0-0 12. Qa4 Nd8 13. Ndf3 a6 14. Be2 b5 15. Qd1 Ne4 16. Nh4 Be6 17. Qe1 f6 18. Nd3 Nf7 19. Nf2 f5 20. Nf3 Bd7 21. Ne5 1/2-1/2

[Event "Bahn-chV"]
[Site "Bad Wildungen"]
[Date "2000.09.25"]
[Round "2"]
[White "Schlecker, Herbert"]
[Black "Walke, Guenter"]
[Result "0-1"]
[WhiteElo "1879"]
[BlackElo "1775"]
[PlyCount "60"]
[EventDate "2000.09.24"]
[EventType "swiss"]
[EventRounds "7"]
[EventCountry "GER"]
[SourceTitle "EXT 2003"]
[Source "ChessBase"]
[SourceDate "2002.11.25"]
[SourceVersion "1"]
[SourceVersionDate "2002.11.25"]
[SourceQuality "1"]

1. e4 d5 2. exd5 Nf6 3. d4 Nxd5 4. Nf3 Bf5 5. a3 c6 6. c4 Nf6 7. Nc3 Qc7 8. Bd3 Bxd3 9. Qxd3 g6 10. 0-0 Bg7 11. Ne5 0-0 12. f4 e6 13. b4 Rd8 14. Be3 Nbd7 15. Qe2 a6 16. Rac1 Bf8 17. c5 Nd5 18. Nxd5 exd5 19. Nxd7 Qxd7 20. f5 Re8 21. fxg6 hxg6 22. Qf2 Re4 23. Bg5 Rae8 24. Bf6 Qe6 25. Kh1 Bg7 26. Bxg7 Kxg7 27. Rc3 Re2 28. Qf3 Re1 29. h3 Rxf1+ 30. Qxf1 Qe1 0-1

[Event "GER-ch Seniors 12th"]
[Site "Bad Homburg"]
[Date "2000.07.29"]
[Round "1"]
[White "Tchetchelnitski, Boris"]
[Black "Walke, Guenter"]
[Result "1-0"]
[WhiteElo "2230"]
[BlackElo "1775"]
[PlyCount "39"]
[EventDate "2000.07.29"]
[EventType "swiss"]
[EventRounds "9"]
[EventCountry "GER"]
[SourceTitle "EXT 2002"]
[Source "ChessBase"]
[SourceDate "2001.11.25"]
[SourceVersion "1"]
[SourceVersionDate "2001.11.25"]
[SourceQuality "1"]

1. Nf3 f5 2. d3 Nf6 3. Bg5 e6 4. e4 fxe4 5. dxe4 Be7 6. Nc3 c6 7. Bd3 Qb6 8. 0-0 d6 9. e5 dxe5 10. Nxe5 Qxb2 11. Bd2 Qb6 12. Qe2 Qc7 13. Bf4 Bd6 14. Bg3 0-0 15. Rad1 Qa5 16. Nc4 Qxc3 17. Nxd6 Kh8 18. Be5 Qc5 19. Nxc8 Nbd7 20. Bd6 1-0

[Event "Dresden Vdes op"]
[Site "Dresden"]
[Date "2000.01.29"]
[Round "7"]
[White "Walke, Guenter"]
[Black "Altner, Andreas"]
[Result "0-1"]
[WhiteElo "1858"]
[BlackElo "1543"]
[PlyCount "76"]
[EventDate "2000.01.26"]
[EventType "swiss"]
[EventRounds "7"]
[EventCountry "GER"]
[SourceTitle "EXT 2001"]
[Source "ChessBase"]
[SourceDate "2000.11.22"]
[SourceVersion "1"]
[SourceVersionDate "2000.11.22"]
[SourceQuality "1"]

1. d4 e6 2. e3 d5 3. Bd3 g6 4. f4 Bg7 5. Nf3 Ne7 6. 0-0 0-0 7. Qe1 Nd7 8. Nbd2 b6 9. b3 Bb7 10. Ba3 c5 11. c3 Rc8 12. Rc1 Re8 13. Ne5 Nxe5 14. fxe5 cxd4 15. exd4 Bh6 16. Qf2 Nf5 17. Rc2 Be3 18. Nf3 Bxf2+ 19. Rfxf2 Nh4 20. Ne1 Nf5 21. Bc1 Rc7 22. Nf3 Qc8 23. Bd2 Ba6 24. Ne1 Bxd3 25. Nxd3 Nxd4 26. Rc1 Qa6 27. Nb4 Qc8 28. Rcf1 Nf5 29. g4 Ng7 30. h4 Rxc3 31. Kg2 Rc7 32. Bg5 a5 33. Nd3 Rc2 34. Bf6 Rxf2+ 35. Rxf2 Qa6 36. Nf4 Rc8 37. h5 a4 38. hxg6 hxg6 0-1

[Event "Bahn-chT"]
[Site "Gemuend"]
[Date "1999.10.27"]
[Round "5.6"]
[White "Walke, Guenter"]
[Black "Conrad, Edgar"]
[Result "1/2-1/2"]
[WhiteElo "1858"]
[BlackElo "1892"]
[PlyCount "41"]
[EventDate "1999.10.24"]
[EventType "team-tourn"]
[EventRounds "7"]
[EventCountry "GER"]
[SourceTitle "EXT 2003"]
[Source "ChessBase"]
[SourceDate "2002.11.25"]
[SourceVersion "1"]
[SourceVersionDate "2002.11.25"]
[SourceQuality "1"]
[WhiteTeam "Hamburg (Bahn)"]
[BlackTeam "Halle (Bahn)"]
[WhiteTeamCountry "GER"]
[BlackTeamCountry "GER"]

1. d4 Nf6 2. e3 g6 3. Bd3 d5 4. f4 Bg7 5. Nf3 c5 6. c3 cxd4 7. exd4 0-0 8. 0-0 Bf5 9. Be2 Ne4 10. Nbd2 Nc6 11. Qe1 Qd6 12. Ne5 f6 13. Ng4 e5 14. fxe5 fxe5 15. dxe5 Nxe5 16. Nxe5 Bxe5 17. Nf3 Qb6+ 18. Kh1 Bg7 19. Bd1 Rae8 20. Bb3 Nf6 21. Qf2 1/2-1/2

[Event "Bahn-chT"]
[Site "Gemuend"]
[Date "1999.10.25"]
[Round "2.6"]
[White "Walke, Guenter"]
[Black "Lauer, Helmut"]
[Result "0-1"]
[WhiteElo "1858"]
[BlackElo "1802"]
[PlyCount "58"]
[EventDate "1999.10.24"]
[EventType "team-tourn"]
[EventRounds "7"]
[EventCountry "GER"]
[SourceTitle "EXT 2003"]
[Source "ChessBase"]
[SourceDate "2002.11.25"]
[SourceVersion "1"]
[SourceVersionDate "2002.11.25"]
[SourceQuality "1"]
[WhiteTeam "Hamburg (Bahn)"]
[BlackTeam "Nuernberg (Bahn)"]
[WhiteTeamCountry "GER"]
[BlackTeamCountry "GER"]

1. d4 d5 2. e3 Nf6 3. Bd3 g6 4. f4 Bg7 5. Nf3 0-0 6. 0-0 Nbd7 7. Nbd2 c5 8. c3 cxd4 9. exd4 b6 10. f5 Bb7 11. Qe1 Re8 12. fxg6 hxg6 13. Bxg6 fxg6 14. Qe6+ Kh8 15. Ng5 Rf8 16. Rf3 Bh6 17. Rh3 Kg7 18. Ndf3 Qe8 19. Bd2 Rh8 20. Re1 Kf8 21. Ne5 Nxe5 22. dxe5 Bc8 23. Qf7+ Qxf7 24. Nxf7 Bxh3 25. Nxh8 Bxd2 26. Rf1 Be3+ 27. Kh1 Bf5 28. Rf3 d4 29. h3 Kg7 0-1

[Event "Bahn-chV"]
[Site "Baiersbronn"]
[Date "1998.10.29"]
[Round "6"]
[White "Kuntz, Reinhold"]
[Black "Walke, Guenter"]
[Result "1-0"]
[WhiteElo "1833"]
[BlackElo "1889"]
[PlyCount "167"]
[EventDate "1998.10.25"]
[EventType "swiss"]
[EventRounds "7"]
[EventCountry "GER"]
[SourceTitle "EXT 2001"]
[Source "ChessBase"]
[SourceDate "2000.11.22"]
[SourceVersion "1"]
[SourceVersionDate "2000.11.22"]
[SourceQuality "1"]

1. d4 e6 2. c4 f5 3. Nc3 Nf6 4. Bg5 Be7 5. e3 0-0 6. Qc2 c6 7. Nge2 d5 8. b3 Ne4 9. Bxe7 Qxe7 10. f3 Nxc3 11. Qxc3 Nd7 12. f4 Nf6 13. a3 Bd7 14. g3 Ne4 15. Qb4 Qxb4+ 16. axb4 a6 17. Bg2 Ra7 18. Bxe4 fxe4 19. Ra2 Rfa8 20. Kd2 b5 21. c5 Rf8 22. g4 Bc8 23. h4 g6 24. g5 h5 25. gxh6 Rh7 26. Ng3 Rxh6 27. Kc3 Kf7 28. Rah2 Rfh8 29. Kd2 Kf6 30. Ke2 Bd7 31. Kf2 Ke7 32. Ne2 Kf6 33. Kg3 R6h7 34. Ra1 Bc8 35. Nc3 Kf5 36. Nd1 Kf6 37. Nf2 Bb7 38. Ng4+ Ke7 39. Ne5 Kf6 40. Rg1 Rg7 41. Kh3 Rhg8 42. Rg5 Ba8 43. Rhg2 Bb7 44. h5 gxh5 45. Kh4 Rxg5 46. fxg5+ Kg7 47. Rf2 Rf8 48. Rxf8 Kxf8 49. Kxh5 Kg7 50. g6 Ba8 51. Kg5 Bb7 52. Nf7 Bc8 53. Ne5 Bb7 54. Kf4 Kf6 55. Nd7+ Kxg6 56. Ke5 Kg5 57. Kd6 Kg4 58. Ne5+ Kg3 59. Nxc6 Kf3 60. Nd8 Bc8 61. Nxe6 Kxe3 62. c6 Kd3 63. Kxd5 Bxe6+ 64. Kxe6 e3 65. c7 e2 66. c8Q e1Q+ 67. Kd7 Qxb4 68. d5 Kd4 69. d6 Qxb3 70. Ke7 Qa3 71. Qe6 Qc5 72. Qg4+ Kc3 73. Qg3+ Kc4 74. Qf4+ Kb3 75. Ke6 Qc6 76. Qe3+ Kb4 77. Ke7 a5 78. d7 Qc7 79. Qd4+ Kb3 80. Qd6 Qc3 81. Qe6+ Qc4 82. Qxc4+ bxc4 83. d8Q c3 84. Qxa5 1-0

[Event "Bahn-chV"]
[Site "Baiersbronn"]
[Date "1998.10.26"]
[Round "2"]
[White "Klein, Heinz"]
[Black "Walke, Guenter"]
[Result "1-0"]
[WhiteElo "1784"]
[BlackElo "1889"]
[PlyCount "83"]
[EventDate "1998.10.25"]
[EventType "swiss"]
[EventRounds "7"]
[EventCountry "GER"]
[SourceTitle "EXT 2001"]
[Source "ChessBase"]
[SourceDate "2000.11.22"]
[SourceVersion "1"]
[SourceVersionDate "2000.11.22"]
[SourceQuality "1"]

1. d4 d5 2. e3 Nf6 3. Bd3 Bg4 4. f3 Bh5 5. Ne2 Nbd7 6. Ng3 Bg6 7. f4 Bxd3 8. Qxd3 e6 9. Nd2 c5 10. c3 c4 11. Qe2 Qc7 12. 0-0 Bd6 13. Nf3 h6 14. Ne5 0-0 15. e4 Rfe8 16. Nxd7 Nxd7 17. e5 Be7 18. f5 exf5 19. Nxf5 Qb6 20. Qg4 Bg5 21. Nxh6+ gxh6 22. Qxd7 Re7 23. Qg4 Qg6 24. Bxg5 Re6 25. Rf5 Qg7 26. h4 Rg6 27. Raf1 Rf8 28. Qf4 hxg5 29. Rxg5 Rxg5 30. hxg5 Re8 31. Qf6 Qh7 32. Rf3 Qg7 33. Rh3 Rb8 34. Kh2 b5 35. Qd6 Qf8 36. Qxd5 Rb6 37. Qe4 Rg6 38. Rh5 Kg7 39. Qb7 Qd8 40. Qe4 a5 41. Qh4 Qd7 42. Rh8 1-0

[Event "Bahn-chT"]
[Site "Friedrichroda"]
[Date "1997.11.01"]
[Round "7.4"]
[White "Boeckenhaupt, Rudi"]
[Black "Walke, Guenter"]
[Result "1-0"]
[WhiteElo "1910"]
[BlackElo "1874"]
[PlyCount "71"]
[EventDate "1997.10.25"]
[EventType "team-tourn"]
[EventRounds "7"]
[EventCountry "GER"]
[SourceTitle "EXT 2009"]
[Source "ChessBase"]
[SourceDate "2008.11.26"]
[SourceVersion "1"]
[SourceVersionDate "2008.11.26"]
[SourceQuality "1"]
[WhiteTeam "Karlsruhe (Bahn)"]
[BlackTeam "Hamburg (Bahn)"]
[WhiteTeamCountry "GER"]
[BlackTeamCountry "GER"]

1. e4 d5 2. exd5 Nf6 3. d4 Nxd5 4. c4 Nf6 5. Nc3 Bf5 6. Nf3 e6 7. Be2 Nbd7 8. 0-0 Be7 9. Bf4 Nh5 10. Be3 0-0 11. Qb3 Qc8 12. Rad1 Nhf6 13. h3 h6 14. Rfe1 Rd8 15. Ne5 c6 16. Bf4 Nb6 17. Be3 Nfd7 18. g4 Bh7 19. f4 f6 20. Nf3 Kh8 21. a4 Nf8 22. Bd3 Bxd3 23. Rxd3 c5 24. d5 exd5 25. Nxd5 Nxd5 26. Rxd5 Qc6 27. Kf2 b6 28. Red1 Qe8 29. Qc2 Rd7 30. Rxd7 Nxd7 31. Qe4 Rb8 32. Bc1 f5 33. Qxf5 Nf6 34. Re1 g6 35. Qe6 Rb7 36. Qxf6+ 1-0

[Event "Bahn-chT"]
[Site "Friedrichroda"]
[Date "1997.10.26"]
[Round "1.4"]
[White "Gosch, Dieter"]
[Black "Walke, Guenter"]
[Result "0-1"]
[WhiteElo "1472"]
[BlackElo "1874"]
[PlyCount "82"]
[EventDate "1997.10.25"]
[EventType "team-tourn"]
[EventRounds "7"]
[EventCountry "GER"]
[SourceTitle "EXT 2009"]
[Source "ChessBase"]
[SourceDate "2008.11.26"]
[SourceVersion "1"]
[SourceVersionDate "2008.11.26"]
[SourceQuality "1"]
[WhiteTeam "Hannover (Bahn)"]
[BlackTeam "Hamburg (Bahn)"]
[WhiteTeamCountry "GER"]
[BlackTeamCountry "GER"]

1. e4 d5 2. exd5 Nf6 3. Nf3 Nxd5 4. Bc4 Bg4 5. 0-0 e6 6. d4 Bd6 7. c3 0-0 8. Qd3 h6 9. Re1 Nd7 10. Nbd2 Bf5 11. Qf1 N7f6 12. Ne5 c6 13. Bd3 Bxd3 14. Qxd3 Qc7 15. Ndf3 Rac8 16. Bd2 c5 17. Rac1 Qb6 18. Qb1 Rc7 19. Nc4 Qa6 20. Nxd6 Qxd6 21. Ne5 Ne7 22. Bf4 Nh5 23. Qe4 Nxf4 24. Qxf4 Nd5 25. dxc5 Qxc5 26. Qg3 Rfc8 27. a3 Qb5 28. Nd3 Nf6 29. Re5 Qa6 30. Rce1 Qd6 31. Nf4 Rd7 32. h3 Rcd8 33. R5e3 Qa6 34. Qf3 Rd2 35. R3e2 Qb5 36. b4 Rxe2 37. Qxe2 Qc6 38. Qc2 Qc4 39. Ne2 Ne4 40. Nd4 Rxd4 41. Rxe4 Rxe4 0-1